000 00314nam a2200085Ia 4500
245 0 _aEarth : find out about the planet, earthquakes, volcanoes and weather with 50 great experiments and projects
100 _a OXLADE, Chris London, [c.2009]
_976864
942 _cBK
008 210817s9999 xx 000 0 und d
999 _c261199
_d261198